| 000 | 00369 a2200169 4500 | ||
|---|---|---|---|
| 001 | 72765 | ||
| 020 | _a8510032491 | ||
| 040 | _cAnchieta - Colégio São Paulo | ||
| 100 | _aCândido, Suzana Laino | ||
| 240 | 1 | 0 |
_aMatemática _lpor |
| 245 | 1 | 0 | _aMatemática |
| 300 | _a240 | ||
| 362 | 0 | _a2004 | |
| 440 | 1 | _aEditora do Brasil | |
| 650 | 4 | _aMatemática | |
| 942 | _cBK | ||
| 999 |
_c72765 _d72765 |
||